000 00570nam a22002057a 4500
999 _c6367
_d6367
003 OSt
005 20191106102428.0
008 191106b ||||| |||| 00| 0 eng d
020 _a9780335246342
040 _cDNLM
082 _aWC100 B96m 2012
100 _aBuse, Kent; Mays, Nicholas; Walt, Gill
_913024
245 _aMaking Health Policy
250 _a2nd ed.
260 _aOpen University Press;
_bMcGraw-Hill,
_c2012
300 _a222p;
_bIll:
_c24cm
504 _aReferences, glossary, & index included
650 _aHealthy policy
_913025
942 _2z
_cO_SHELF